Donald Trump kampányigéreteinek elemzése

Bibliográfiai részletek
Szerző: Árgyelán Olivér
További közreműködők: Gyene Dr. Pál
Csereiné Árgyelán Dr. Anna
Dokumentumtípus: Diplomadolgozat
Kulcsszavak:Donald Trump
Amerikai Egyesült Államok
Külpolitika
Külgazdaság
Kampány
Választás
Online Access:http://dolgozattar.uni-bge.hu/18710

MARC

LEADER 00000nta a2200000 i 4500
001 dolg18710
005 20200513062909.0
008 181201suuuu hu om 000 hun d
040 |a BGE Dolgozattár Repozitórium  |b hun 
041 |a hu 
100 1 |a Árgyelán Olivér 
245 1 0 |a Donald Trump kampányigéreteinek elemzése  |c Árgyelán Olivér  |h [elektronikus dokumentum] 
246 1 1 |a Donald Trump kampányigéreteinek elemzése 
695 |a Donald Trump 
695 |a Amerikai Egyesült Államok 
695 |a Külpolitika 
695 |a Külgazdaság 
695 |a Kampány 
695 |a Választás 
700 1 |a Gyene Dr. Pál  |e ths 
700 1 |a Csereiné Árgyelán Dr. Anna  |e ths 
856 4 0 |u http://dolgozattar.uni-bge.hu/18710/1/%C3%81rgyel%C3%A1n%20-%20szakdolgozat.pdf  |z Dokumentum-elérés